| 000 | 00846nam a2200277 a 4500 | ||
|---|---|---|---|
| 008 | |||
| 020 | _a0750620544 (pbk.) | ||
| 049 | _aMAIN | ||
| 090 |
_aHD31 _bWIL |
||
| 100 | 1 | _aWilson, David A. | |
| 245 | 1 | 0 |
_aManaging knowledge / _cDavid A. Wilson. |
| 260 |
_aOxford : _bButterworth-Heinemann, _c1996. |
||
| 300 |
_axix, 236 p. : _bill. ; _c24 cm. |
||
| 504 | _aIncludes bibliographical references. | ||
| 500 | _aIncludes index. | ||
| 500 | _aPublished in association with: The Institute of Management. | ||
| 650 | 0 | _aManagement. | |
| 650 | 0 | _aKnowledge, Theory of. | |
| 650 | 0 | _aInformation resources management. | |
| 710 | 2 | _aInstitute of Management. | |
| 907 |
_a.b10009917 _b28-10-10 _c17-04-03 |
||
| 003 | |||
| 005 | 20230123133122.0 | ||
| 040 | _cNUST | ||
| 942 |
_cBOOKS _kHD31 _mWIL |
||
| 999 |
_c143053 _d143053 |
||